Radio boy (Record no. 115692)

MARC details
000 -LÍDER
campo de controle de tamanho fixo 00444 a2200193 4500
001 - NÚMERO DE CONTROLE
campo de controle 115692
020 ## - ISBN - INTERNATIONAL STANDARD BOOK NUMBER
ISBN - International Standard Book Number 9780008183325
041 ## - CÓDIGO DE IDIOMA
Código do idioma do texto/trilha sonora ou título diferente por
090 ## - NÚMERO DE CHAMADA LOCAL
Número de chamada (OCLC) (R); Número de chamada, CALL (RLIN) (NR) Year 8 [Fic]
040 ## - FONTE DA CATALOGAÇÃO
Instituição da catalogação original BR-BrIDEA
Instituição que transcreveu o registro BR-BrIDEA
100 ## - ENTRADA PRINCIPAL--NOME PESSOAL
Nome pessoal O'Connell, Christian.
250 ## - EDIÇÃO
Edição . ed.
245 10 - TÍTULO
Título Radio boy
Indicação de responsabilidade, etc. Christian O'Connell
260 ## - PUBLICAÇÃO, DISTRIBUIÇÃO, ETC.
Nome do editor, distribuidor, etc. HaroerCollins
Data da publicação, distribuição, etc. 2017
300 ## - DESCRIÇÃO FÍSICA
Extensão 367 p.
697 ## - ENTRADA DE ASSUNTO LOCAL--ENTIDADE COLETIVA (RLIN)
Nome corporativo ou nome da jurisdição Family stories.
697 ## - ENTRADA DE ASSUNTO LOCAL--ENTIDADE COLETIVA (RLIN)
Nome corporativo ou nome da jurisdição Humorous stories.
942 ## - ELEMENTOS DE ENTRADA ADICIONADOS (KOHA)
Tipo de material Koha Livros
Holdings
Situação do descarte Situação das perdas Fonte da classificação ou esquema de arquivamento na estante Situação física Não pode ser emprestado Biblioteca de origem Biblioteca atual Data de aquisição Total de empréstimos Número de chamada completo Código de barras Data de último acesso Data do preço efetivo Tipo de material Koha
    Classificação Decimal de Dewey     ECB - SUDOESTE ECB - SUDOESTE 19/07/2017   Year 8 [Fic] 00029885SSW 23/01/2024 23/01/2024 Livros